000
00241nam a2200097Ia 4500
008
120527s9999 xx 000 0 und d
100
_a
SHERMAN and ALCOCK
245
_a
Exploring animal behaviour
260
_b
Sinciver Associates
942
_c
BK
999
_c
25583
_d
25583